EPIC: The Musical - Lyrics Sort #23 - Scylla - Statistics

General Stats
  • This quiz has been taken 126 times
  • The average score is 17 of 30
Answer Stats
Hint Answer % Correct
Line 4 Deep down (not much to say)
94%
Line 3 Deep down (you're quiet today)
94%
Line 1 The lair of Scylla
94%
Line 2 This is our only way home
92%
Line 5 Deep down (you hide a reason for shame)
83%
Line 8 I opened the wind bag while you were asleep
73%
Line 6 I've got a secret I can no longer keep
73%
Line 10 Breaking the bonds that you've made (I'm so sorry)
67%
Line 9 Leaving them feeling betrayed
67%
Line 11 There is no price we won't pay (forgive me)
65%
Line 7 Deep down (You know that we are the same)
63%
Line 12 We both know what it takes to survive
52%
Line 17 Eurylochus, light up six torches
48%
Line 23 Choke on your blood and your tears
46%
Line 19 Captain, something approaches
44%
Line 18 Deep down, we're lonely demons from hell
44%
Line 22 Drown in your sorrow and fears
44%
Line 14 Full speed ahead [1]
44%
Line 20 Hello
44%
Line 21 Row for your lives!
44%
Line 24 Bleed til you've run out of years
42%
Line 28 Die in the blood where you bathe
42%
Line 15 Full speed ahead [2]
42%
Line 30 We are the same, you and I, I
42%
Line 25 We must do what it takes to survive [1]
42%
Line 29 We must do what it takes to survive [2]
42%
Line 26 Give up your honor and faith
40%
Line 16 Deep down, we only care for ourselves
38%
Line 27 Live out your life as a wraith
35%
Line 13 Full speed ahead (full speed)
31%
No matching quizzes found
Score Distribution
Percent of People with Each Score
Percentile by Number Answered
Your Score History
You have not taken this quiz